| 000 | 00605nam a2200217 4500 | ||
|---|---|---|---|
| 003 | OSt | ||
| 005 | 20240718061940.0 | ||
| 006 | a | ||
| 008 | 240718b |||||||| |||| 00| 0 eng d | ||
| 020 | _a9789814227322 | ||
| 040 |
_aDWCL-Main lib. _cOC |
||
| 082 |
_2Fourth edition _aCirc. 345 S314c 2007 |
||
| 100 | _aScheb, John M. | ||
| 245 | _aCriminal law / | ||
| 250 | _aFourth edition | ||
| 260 |
_aSingapore: _bThomson Learning Asia, _cc2007. |
||
| 300 |
_axi, _b420 p. : ill. ; _c24cm. |
||
| 504 | _aIncludes index. | ||
| 650 | _a1. Criminal law. | ||
| 942 |
_2ddc _n0 _cBK-CIRC _eFourth edition _kCirc. |
||
| 999 |
_c2371 _d2371 |
||